[Event "It (open) (b)"]
[Site "masterchessopen.com Saint-Quentin (France)"]
[Round "2"]
[White "Le Roc'H Daniel (FRA)"]
[Black "Fayolle Guy (FRA)"]
[Result "0-1"]
[WhiteElo "1772"]
[BlackElo "2072"]

1.d4 Nf6 2.c4 g6 3.Nf3 Bg7 4.g3 O-O 5.Bg2 d5 6.cxd5 Nxd5 7.e4 Nb6 8.O-O Bg4
9.d5 c6 10.dxc6 Nxc6 11.Nc3 Rc8 12.Qb3 Bxf3 13.Bxf3 Nd4 14.Qd1 Nc4 15.Bg2 e6
16.b3 Nb6 17.Bb2 a5 18.Rc1 Qe7 19.Nd5 exd5 20.Rxc8 Nxc8 21.Bxd4 dxe4 22.Bxg7
Kxg7 23.Qd4+ Kg8 24.Qxe4 Qxe4 25.Bxe4 Nd6 26.Bd5 Rc8 27.Re1 Rc7 28.Kg2 Kg7
29.Kf3 Kf6 30.g4 Rc5 31.Rd1 Ke5 32.Bc4 Nxc4 33.bxc4 Rxc4 34.Rd7 Rf4+ 35.Ke3 b6
36.Rb7 Rxg4 37.Rxb6 Ra4 38.f4+ Kf5 39.Rb7 Kf6 40.Rb6+ Kf5 41.Rb7 Ra3+ 42.Kd4
f6 43.Rxh7 Kxf4 44.h4 Rxa2 45.h5 g5 46.h6 a4 47.Rh8 Rh2 48.h7 f5 49.Ra8 Rxh7
50.Rxa4 g4 51.Kd5+ Kg5 52.Ra5 g3 53.Ke6 Rh6+ 54.Kf7 g2 55.Ra8 Rf6+ 56.Ke7 g1=Q
{#R} 0-1

[Event "Ch Asia (team) (w)"]
[Site "masterchessopen.com Shenyang (China)"]
[Round "2"]
[White "Safira Shahnaz (IND)"]
[Black "Majigsuren Dovdon (MGL)"]
[Result "1/2-1/2"]
[WhiteElo "2127"]
[BlackElo "2115"]

1.d4 Nf6 2.Nf3 g6 3.c4 Bg7 4.g3 O-O 5.Bg2 d5 6.cxd5 Nxd5 7.e4 Nb6 8.Na3 c5
9.d5 f5 10.exf5 Bxf5 11.Nh4 Na6 12.O-O Nc7 13.Nxf5 Rxf5 14.d6 Qxd6 15.Bxb7
Qxd1 16.Rxd1 Raf8 17.f4 Bd4+ 18.Kh1 e5 19.Be4 R5f7 20.Rb1 exf4 21.Bxf4 Ncd5
22.Bh6 Re8 23.Bd3 Rf2 24.Nc4 Nb4 25.Bf1 N6d5 26.a3 Nc2 27.Rd2 Rxd2 28.Bxd2 Kg7
29.Bd3 Nce3 30.Nxe3 Nxe3 31.Re1 Re7 32.Bxe3 Rxe3 33.Rxe3 Bxe3 34.b3 Kf6 35.Kg2
Ke5 36.Kf3 Bc1 37.a4 Bd2 38.Bc4 h6 {#d} 1/2-1/2

[Event "It (open)"]
[Site "masterchessopen.com Cannes (France)"]
[Round "3"]
[White "Trommsdorf Fro (FRA)"]
[Black "Fanaai Hamid (FRA)"]
[Result "1-0"]
[WhiteElo "2224"]
[BlackElo "2164"]

1.d4 Nf6 2.c4 g6 3.Nf3 Bg7 4.g3 O-O 5.Bg2 d5 6.cxd5 Nxd5 7.e4 Nb6 8.h3 Nc6
9.d5 Ne5 10.Nxe5 Bxe5 11.Qe2 c6 12.O-O cxd5 13.exd5 Bg7 14.Rd1 Qd6 15.Nc3 h6
16.Bf4 e5 17.Be3 Qd8 18.a4 f5 19.a5 Nd7 20.d6 f4 21.gxf4 exf4 22.Qc4+ Kh7
23.Bxf4 Qf6 24.Nd5 Qxb2 25.Ra2 Ne5 26.Bxe5 Qxe5 27.Nc7 Rf4 28.Qe2 Qg5 29.d7
Bxd7 30.Rxd7 Rc8 31.Rxg7+ Kh8 32.Qb2 {#r} 1-0

[Event "Ch France (team) (2) 1999/00"]
[Site "masterchessopen.com France"]
[Round "7"]
[White "Dezaele Christophe (FRA)"]
[Black "Grollemund Bertrand (FRA)"]
[Result "1-0"]
[WhiteElo "2145"]
[BlackElo "2091"]

1.d4 Nf6 2.c4 g6 3.Nf3 Bg7 4.g3 O-O 5.Bg2 d5 6.cxd5 Nxd5 7.e4 Nb6 8.Nc3 Bg4
9.e5 Nc6 10.Be3 f6 11.Qb3+ Kh8 12.exf6 Bxf6 13.Ne4 Bxf3 14.Bxf3 Nxd4 15.Bxd4
Qxd4 16.Rd1 Qxb2 17.Qxb2 Bxb2 18.Ke2 Rf5 19.Bg2 c6 20.f4 h6 21.Rd2 Ba3 22.Rhd1
Rd5 23.Nf2 Rxd2+ 24.Rxd2 Kg7 25.Be4 Bd6 26.Rb2 Rb8 27.Rb3 Nd7 28.Nd3 Nf6
29.Bf3 Nd5 30.a4 b6 31.Nb2 e6 32.Nc4 Bc7 33.Bg4 Kf6 34.Ne3 a6 35.Bf3 Nxe3
36.Rxe3 c5 37.Bg4 e5 38.fxe5+ Bxe5 39.Rf3+ Ke7 40.Re3 Kd6 41.Rd3+ Bd4 42.Rb3
c4 43.Rb1 Re8+ 44.Kd2 Kc5 45.Kc2 b5 46.axb5 axb5 47.Rxb5+ Kc6 48.Rb4 Kd5
49.Rb5+ Bc5 50.Bf3+ Kd4 51.Rb1 Rf8 52.Rf1 Ke3 53.Bg2 Ra8 54.Bxa8 {#r} 1-0

[Event "Landesliga North 1999/00"]
[Site "masterchessopen.com Germany"]
[Round "8"]
[White "Rebscher Ralf"]
[Black "Mueller Christian (GER)"]
[Result "0-1"]
[WhiteElo "1900"]
[BlackElo "2208"]

1.d4 Nf6 2.g3 g6 3.Bg2 d5 4.c4 Bg7 5.Nf3 O-O 6.cxd5 Nxd5 7.e4 Nb6 8.h3 c5 9.d5
e6 10.O-O exd5 11.exd5 Qxd5 12.Qe2 Qc4 13.Qd1 Nc6 14.Nc3 Bf5 15.Bf4 Rad8
16.Qb3 Qb4 17.Rfe1 c4 18.Qxb4 Nxb4 19.Re7 Bc8 20.Bc7 Rde8 21.Rae1 Rxe7 22.Rxe7
N4d5 23.Bd6 Nxe7 24.Bxe7 Re8 25.Bc5 Bd7 26.Nd4 Re5 27.Bxb6 axb6 28.Kf1 Ra5
29.Nde2 Bc6 30.a3 Ra8 31.f4 Rd8 {#R} 0-1

[Event "Ch Iceland (KO system)"]
[Site "masterchessopen.com Kopavogur (Iceland)"]
[Round "1"]
[White "Thorfinnsson Bragi (ISL)"]
[Black "Gunnarsson Jon Viktor (ISL)"]
[Result "1/2-1/2"]
[WhiteElo "2232"]
[BlackElo "2368"]

1.d4 Nf6 2.Nf3 d5 3.g3 g6 4.Bg2 Bg7 5.c4 O-O 6.cxd5 Nxd5 7.e4 Nb6 8.Nc3 Bg4
9.Be3 Nc6 10.Ne2 Nc4 11.Qc2 Nxe3 12.fxe3 Bh6 13.Qc3 e5 14.d5 Bxf3 15.Bxf3 Ne7
16.Qxe5 Bxe3 17.Qc3 Bh6 18.Rd1 Bg7 19.Qb3 Qd6 20.Rc1 c6 21.O-O cxd5 22.exd5
Nf5 23.Qxb7 Rab8 24.Qc6 Rxb2 25.g4 Qxc6 26.dxc6 Nh4 27.c7 Nxf3+ 28.Rxf3 Rc8
29.Rd3 Bf6 30.Ng3 Kg7 31.Ne4 Be5 32.Nd6 Bxh2+ 33.Kh1 Bxd6 34.Rxd6 Rb7 35.Rd7
Kf6 36.Rf1+ Kg5 37.Rfxf7 h6 38.Rg7 Re8 39.Kg2 Rb2+ 40.Kf3 Rxa2 41.Rd3 Rc2
42.Rf7 Re5 43.Kg3 Rc4 44.Kh3 a5 45.Rd8 Rc3+ 46.Kg2 Rc2+ 47.Kf3 Rc3+ 48.Kg2
Rec5 {#d} 1/2-1/2

[Event "Bayern Regionalliga Southeast 2000/01"]
[Site "masterchessopen.com Bayern (Germany)"]
[Round "7"]
[White "Graf Christian (GER)"]
[Black "Pierer Christian"]
[Result "1/2-1/2"]
[WhiteElo "2283"]
[BlackElo "2085"]

1.d4 Nf6 2.Nf3 g6 3.c4 Bg7 4.g3 O-O 5.Bg2 d5 6.cxd5 Nxd5 7.e4 Nb6 8.h3 Nc6
9.d5 Na5 10.O-O c6 11.dxc6 Qxd1 12.Rxd1 Nxc6 13.Nc3 h6 14.Nd5 Nxd5 15.exd5 Na5
16.g4 Rd8 17.Rb1 e6 18.Nh2 Nc4 19.Nf1 exd5 20.Rxd5 Be6 21.Rxd8+ Rxd8 22.b3 Ne5
23.Be3 b6 24.Rc1 Rc8 25.Rxc8+ Bxc8 {#d} 1/2-1/2

[Event "Ch Bayern (seniors) (open)"]
[Site "masterchessopen.com Schney (Germany)"]
[Round "8"]
[White "Baumann Walter"]
[Black "Claus Joachim (GER)"]
[Result "1-0"]
[WhiteElo "1725"]
[BlackElo "1856"]

1.d4 Nf6 2.Nf3 g6 3.c4 Bg7 4.g3 O-O 5.Bg2 d5 6.cxd5 Nxd5 7.e4 Nf6 8.Nc3 e6
9.O-O c5 10.dxc5 Na6 11.Bf4 Qa5 12.Bd6 Re8 13.a3 Qd8 14.Qc2 Bd7 15.Rad1 Bf8
16.b4 Bxd6 17.Rxd6 Qe7 18.Ne5 Rad8 19.Rfd1 Nb8 20.R1d2 Nc6 21.Nxd7 Nxd7 22.Qd1
Nde5 23.b5 Nc4 24.bxc6 Nxd2 25.Qxd2 bxc6 26.e5 Qc7 27.Ne4 Kg7 28.Qg5 Rb8 29.h4
Rf8 30.Nf6 Rb1+ 31.Kh2 Qa5 32.Nd7 Rd8 33.Qf6+ Kg8 34.Bxc6 Rb2 35.Bg2 Rxf2
36.Qxd8+ Qxd8 37.Nf6+ Qxf6 38.exf6 Rxf6 39.c6 {#r} 1-0

[Event "Ch France (team) (2) 2002/03"]
[Site "masterchessopen.com France"]
[Round "3"]
[White "Jossien Arnaud (FRA)"]
[Black "Houhou Olivier (FRA)"]
[Result "1-0"]
[WhiteElo "2355"]
[BlackElo "2257"]

1.Nf3 Nf6 2.g3 g6 3.Bg2 Bg7 4.c4 d5 5.cxd5 Nxd5 6.d4 O-O 7.e4 Nb6 8.h3 c5 9.d5
e6 10.Ng1 Na6 11.Nc3 exd5 12.exd5 Bf5 13.Nge2 Nb4 14.O-O Nc4 15.Nf4 Re8 16.a3
Bc2 17.Qf3 Ne5 18.Qe2 Bd3 19.Nxd3 Nbxd3 20.Be3 c4 21.Be4 f5 22.Bg2 Nf7 23.Qd2
Nd6 24.Rab1 Qa5 25.Bf4 Nxf4 26.Qxf4 Be5 27.Qd2 Re7 28.Rfe1 Rae8 29.Bf3 Bxc3
30.bxc3 Qxa3 31.Re6 Ne4 32.Bxe4 fxe4 33.Rxb7 Rxb7 34.Rxe8+ Kf7 35.Rxe4 Qc5
36.Qf4+ Kg7 37.Qe5+ Kg8 38.Qe8+ Kg7 39.Qe5+ Kg8 40.Qe6+ Kg7 41.Rf4 Rb1+ 42.Kh2
Rd1 43.Qf7+ Kh8 44.Re4 {#r} 1-0

[Event "Regionalliga Southwest 2002/03"]
[Site "masterchessopen.com Germany"]
[Date "2002.11.17"]
[Round "2"]
[White "Schreiner Richard (GER)"]
[Black "Krulich Roman (MNC)"]
[Result "0-1"]
[WhiteElo "2175"]
[BlackElo "2219"]

1.d4 Nf6 2.Nf3 g6 3.g3 Bg7 4.Bg2 O-O 5.c4 d5 6.cxd5 Nxd5 7.e4 Nb6 8.Nc3 Bg4
9.Ne2 c5 10.d5 f5 11.Ng5 fxe4 12.Nxe4 N8d7 13.h3 Bxe2 14.Qxe2 h6 15.O-O Qc7
16.Bf4 Rxf4 17.gxf4 Nxd5 18.f5 Nf4 19.Qc4+ Kh7 20.fxg6+ Nxg6 21.Ng3 Rf8 22.Be4
Ne5 23.Qe2 Kh8 24.Nf5 Nf4 25.Qe3 Nc4 26.Qf3 Nd2 27.Qe3 Nxf1 28.Rxf1 Rg8 29.Kh1
Qe5 30.Nh4 Bf6 31.Nf3 Qc7 32.b3 e5 33.Bc2 Qd7 34.Nxe5 Qxh3+ 35.Qxh3 Nxh3
36.Nf3 Rd8 37.Kg2 Nf4+ 38.Kg3 Ne2+ 39.Kg4 Kg7 40.Kf5 Rd5+ 41.Kg4 b5 42.Re1 Nc3
43.a3 Kf7 44.Rh1 Bg7 45.Re1 a5 46.a4 bxa4 47.bxa4 c4 48.Rh1 Ke6 49.Re1+ Kd6
50.Re8 Kc5 51.Rb8 Bf6 52.Rb7 h5+ 53.Kf4 h4 54.Kg4 Bd4 55.Nxh4 Bxf2 56.Nf3 Rd6
57.Ne5 Kd5 58.Kf5 Bd4 59.Nf3 Rf6+ 60.Kg4 Be3 61.Re7 Rf4+ 62.Kg3 Ne4+ 63.Kg2
Rg4+ 64.Kf1 Ng3+ 65.Ke1 Bd4 66.Kd2 Rf4 67.Rd7+ Kc5 68.Rb7 Kd5 69.Rd7+ Kc5 {#R}
0-1

[Event "It (open) (b)"]
[Site "masterchessopen.com Brno (Czech Republic)"]
[Date "2003.07.04"]
[Round "7"]
[White "Holemar Kamil"]
[Black "Pehal Ludek"]
[Result "1-0"]
[WhiteElo "1738"]
[BlackElo "1651"]

1.Nf3 Nf6 2.c4 g6 3.g3 Bg7 4.Bg2 d5 5.cxd5 Nxd5 6.d4 O-O 7.e4 Nb6 8.O-O Bg4
9.e5 c6 10.h3 Bxf3 11.Bxf3 Na6 12.a4 Nc7 13.Nc3 Ne6 14.Be3 Qd7 15.a5 Nd5
16.Nxd5 cxd5 17.Qb3 Rfd8 18.a6 b6 19.Rac1 Nc7 20.Rxc7 Qxc7 21.Bxd5 Rxd5
22.Qxd5 Rd8 23.Qb7 Bxe5 24.dxe5 Qxe5 25.Qxa7 {#r} 1-0

[Event "It (open) \"]
[Site "masterchessopen.com Pardubice (Czech Republic)"]
[Round "2"]
[White "Stolba Milos (CZE)"]
[Black "Daubenfeld Gilles (LUX)"]
[Result "1/2-1/2"]
[WhiteElo "2099"]
[BlackElo "2177"]

1.d4 Nf6 2.Nf3 g6 3.g3 Bg7 4.Bg2 d5 5.c4 O-O 6.cxd5 Nxd5 7.e4 Nb6 8.h3 Nc6
9.d5 Na5 10.O-O e6 11.dxe6 Bxe6 12.Qc2 Nc6 13.Rd1 Nb4 14.Qe2 Qe7 15.Na3 Nxa2
16.Bg5 Qb4 17.e5 c5 18.Rd6 Qb3 19.Rd3 Qa4 20.Be7 Rfc8 21.Ng5 Nb4 22.Nxe6 fxe6
23.Rd6 Re8 24.Bf6 N4d5 25.Rd1 Rab8 26.Bxg7 Kxg7 27.Nb5 Re7 28.Bxd5 {#d}
1/2-1/2

[Event "It (open) \"]
[Site "masterchessopen.com Gibraltar (England)"]
[Date "2006.01.30"]
[Round "7"]
[White "Fellousi Abdelaziz (MAR)"]
[Black "Gokhale Anupama (IND)"]
[Result "0-1"]
[WhiteElo "2117"]
[BlackElo "2131"]

1.Nf3 Nf6 2.d4 g6 3.g3 Bg7 4.Bg2 O-O 5.c4 d5 6.cxd5 Nxd5 7.e4 Nb6 8.O-O Na6
9.Nc3 c5 10.d5 Bg4 11.h3 Bxf3 12.Bxf3 Nc4 13.Qe2 Nd6 14.g4 f6 15.Be3 Rc8
16.Rfc1 Nb8 17.Bg2 f5 18.exf5 gxf5 19.Bg5 Bf6 20.Bxf6 Rxf6 21.g5 Rf7 22.f4 Nd7
23.Bf3 Nf8 24.Bh5 Ng6 25.Qf2 Ne4 26.Qe3 Nxc3 27.Rxc3 Qxd5 28.Bf3 Qd6 29.Rd1
Qxf4 30.Bd5 Qxe3+ 31.Rxe3 Rc7 32.Rc1 Kg7 33.Bxf7 Kxf7 34.Rec3 b6 35.b4 Nf4
36.Kf1 Nd5 37.Rf3 f4 38.bxc5 bxc5 39.Ke2 c4 40.Ra3 Ke6 41.Ra5 Ke5 42.Kf3 e6
43.Re1+ Kf5 44.Re4 c3 45.Rxf4+ Kxg5 46.Rg4+ Kf6 47.Rg1 Ke5 48.Ra4 c2 49.Rc1
Rf7+ 50.Kg3 Ne3 51.Rb4 Rf1 52.Rxc2 Nxc2 53.Rb7 h6 54.Rxa7 Rf6 55.a4 Kd4 56.a5
e5 57.a6 Ke3 58.Rc7 Rg6+ 59.Kh4 Nd4 60.Rc3+ Kd2 61.Kh5 Kxc3 {#R} 0-1

[Event "Tournament (Elo)"]
[Site "masterchessopen.com Rio de Janeiro (Brazil)"]
[Date "2006.04.01"]
[Round "6"]
[White "Chauca Jose (PER)"]
[Black "Brunner Alfonso (ESP)"]
[Result "0-1"]
[WhiteElo "2112"]
[BlackElo "2096"]

1.d4 Nf6 2.Nf3 g6 3.g3 Bg7 4.c4 O-O 5.Bg2 d5 6.cxd5 Nxd5 7.e4 Nb6 8.h3 c5 9.d5
e6 10.dxe6 Qxd1+ 11.Kxd1 Bxe6 12.Nc3 Nc6 13.Be3 Rad8+ 14.Kc1 Nd4 15.Nd2 Nc4
16.Nxc4 Bxc4 17.Bf1 Be6 18.Bg2 a6 19.f4 b5 20.Re1 Rfe8 21.e5 f6 22.exf6 Bxf6
23.Ne4 Bg7 24.g4 Bd5 25.Bxd4 Bxd4 26.Nf6+ Bxf6 27.Bxd5+ Kg7 28.Rxe8 Rxe8
29.Kc2 Re2+ 30.Kd3 Rxb2 31.g5 Rd2+ 32.Kxd2 Bxa1 33.Bb7 a5 34.Ba6 b4 35.Ke3 Kf7
36.Ke4 Ke6 37.Bc4+ Ke7 38.f5 Bc3 39.f6+ Kf8 40.Kd5 Bd2 41.Kxc5 Bxg5 42.f7 {#R}
0-1

[Event "Memorial N.Sazykin"]
[Site "masterchessopen.com Arsenyev (Russia)"]
[Date "2007.07.20"]
[Round "7"]
[White "Tanashkin Alexey (RUS)"]
[Black "Musaev Rasul (RUS)"]
[Result "1/2-1/2"]
[WhiteElo "2187"]
[BlackElo "2028"]

1.Nf3 Nf6 2.g3 g6 3.Bg2 Bg7 4.d4 d5 5.c4 O-O 6.cxd5 Nxd5 7.e4 Nb6 8.O-O Bg4
9.d5 c6 10.h3 Bd7 11.Nc3 Qc8 12.Kh2 Na6 13.Qc2 Nc7 14.dxc6 Bxc6 15.Rd1 Ne6
16.Nd5 Re8 17.Be3 Nd7 18.Rac1 Qd8 19.Nh4 Qa5 20.b3 Bf6 21.f4 Bxh4 22.gxh4 Nf6
23.Qb2 Rad8 24.b4 Qa6 25.Nxe7+ Rxe7 26.Rxd8+ Nxd8 27.Qxf6 Rd7 28.Bd4 Rxd4
29.Qxd4 Ne6 30.Qd2 Qb5 31.Bf3 Kg7 32.h5 Qb6 33.h6+ Kg8 34.Rd1 a6 35.Kg2 Qc7
36.f5 Nf4+ 37.Kh1 f6 38.fxg6 hxg6 39.Rg1 Kh7 40.h4 Qd7 41.Qxd7+ Bxd7 42.e5
fxe5 43.Bxb7 Bb5 44.Rg5 Nd3 45.a3 Kxh6 46.Kg2 Kg7 47.Be4 Nf4+ 48.Kf3 Kf6
49.Rg1 Be2+ 50.Ke3 Bb5 51.Rd1 Ke6 52.Rg1 Kf6 53.Rc1 g5 54.hxg5+ Kxg5 55.Rc7
Kf6 56.Bb7 Ne6 57.Rc8 Ke7 58.Ke4 Kd6 59.Ra8 Nc7 60.Rd8+ Ke7 61.Rh8 Kd6 62.Rh6+
Ne6 63.Rh5 Be8 64.Rh6 Bb5 65.Bc8 Bc4 66.Bxe6 Bxe6 67.Rh5 Bd5+ 68.Ke3 Bc4
69.Ke4 Bd5+ 70.Ke3 Be6 71.Ke4 {#d} 1/2-1/2

[Event "Memorial N.Sazykin"]
[Site "masterchessopen.com Arsenyev (Russia)"]
[Date "2007.07.21"]
[Round "8"]
[White "Tanashkin Alexey (RUS)"]
[Black "Ivanova Maria (RUS)"]
[Result "1-0"]
[WhiteElo "2187"]
[BlackElo "1956"]

1.Nf3 Nf6 2.g3 g6 3.Bg2 Bg7 4.d4 O-O 5.c4 d5 6.cxd5 Nxd5 7.e4 Nf6 8.Nc3 Nbd7
9.O-O Nb6 10.h3 Bd7 11.Qe2 Rc8 12.Be3 c6 13.Nh4 Be6 14.b3 Nbd7 15.Rad1 Nb6
16.Qd2 Qd7 17.Kh2 Rfd8 18.Ne2 Ne8 19.Bh6 f6 20.Bxg7 Kxg7 21.f4 f5 22.exf5 Bxf5
23.g4 Be6 24.f5 Bf7 25.g5 Qd6+ 26.Kh1 Nd5 27.Nf4 Nxf4 28.Rxf4 Nc7 29.Rdf1 Nd5
30.R4f2 Rf8 31.Qd3 Nb4 32.Qe4 Bd5 33.Qg4 Bxg2+ 34.Kxg2 Nd5 35.Rf3 Kg8 36.f6
exf6 37.gxf6 Nxf6 38.Rxf6 Qd5+ 39.Kg1 {#r} 1-0

[Event "Tournament (open)"]
[Site "masterchessopen.com Gdansk (Poland)"]
[Date "2007.07.25"]
[Round "5"]
[White "Brodowski Piotr (POL)"]
[Black "Kozakov Mikhail (UKR)"]
[Result "1/2-1/2"]
[WhiteElo "2425"]
[BlackElo "2449"]

1.d4 Nf6 2.Nf3 g6 3.g3 Bg7 4.Bg2 O-O 5.c4 d5 6.cxd5 Nxd5 7.e4 Nb6 8.Nc3 Bg4
9.Be3 Nc4 10.e5 c5 11.Qb3 Nxe3 12.fxe3 Nc6 13.Qxb7 cxd4 14.O-O-O Qa5 15.Nxd4
Nxd4 16.Rxd4 Rab8 17.Qd5 Qb6 18.Qb5 Qe6 19.Qd3 Bxe5 20.Bd5 Qc8 21.Rc4 Qa6
22.Qe4 Qb6 23.b3 Bxc3 24.Rxc3 Qf6 25.Rc4 Rbd8 26.Qd4 Qd6 27.Bxf7+ Rxf7 {#d}
1/2-1/2

[Event "It (open)"]
[Site "masterchessopen.com Ptuj (Slovenia)"]
[Date "2007.08.12"]
[Round "1"]
[White "Majcenovic Martin (SLO)"]
[Black "Jelen Igor (SLO)"]
[Result "1-0"]
[WhiteElo "1971"]
[BlackElo "2387"]

1.d4 Nf6 2.c4 g6 3.g3 Bg7 4.Bg2 d5 5.Nf3 O-O 6.cxd5 Nxd5 7.e4 Nb6 8.O-O Bg4
9.d5 c6 10.h3 Bxf3 11.Bxf3 cxd5 12.exd5 Qd7 13.Re1 Na6 14.Nc3 Rfe8 15.Be3 Nc4
16.Qb3 Rac8 17.Bg4 f5 18.Bf3 Kh8 19.Rad1 Nxe3 20.Rxe3 Nc5 21.Qc2 b5 22.Qe2 a6
23.Re1 b4 24.Nd1 Bf6 25.Bg2 a5 26.Qd2 e5 27.a3 e4 28.Bf1 Re5 29.Bc4 Nd3
30.Bxd3 Rxd5 31.axb4 axb4 32.Qxb4 Rxd3 33.Rxd3 exd3 34.Ne3 d2 35.Rd1 Rc1
36.Qf8# 1-0

[Event "It (cat.3)"]
[Site "masterchessopen.com Villa Martelli (Argentina)"]
[Date "2007.11.10"]
[Round "8"]
[White "Moskow Eric (USA)"]
[Black "Barrionuevo Pablo (ARG)"]
[Result "0-1"]
[WhiteElo "2254"]
[BlackElo "2319"]

1.d4 Nf6 2.c4 g6 3.g3 Bg7 4.Bg2 O-O 5.Nf3 d5 6.cxd5 Nxd5 7.e4 Nb6 8.h3 Nc6
9.d5 Na5 10.Nc3 c6 11.Nd4 e6 12.Nde2 exd5 13.exd5 cxd5 14.Nxd5 Bf5 15.g4 Be6
16.Nef4 Nxd5 17.Nxd5 Nc4 18.O-O Qa5 19.b4 Qb5 20.a4 Qd7 21.Bh6 Rad8 22.Bxg7
Kxg7 23.Qd4+ f6 24.Qxc4 Bxd5 25.Bxd5 Qxd5 26.Qxd5 Rxd5 27.Rfd1 Rfd8 28.Rxd5
Rxd5 29.Rc1 Rd7 30.Kg2 Kh6 31.Rc4 g5 32.b5 Kg6 33.f4 gxf4 34.Rxf4 Rd3 35.Rc4
Rd7 36.Kg3 Rd3+ 37.Kg2 Ra3 38.Rf4 b6 39.h4 h5 40.gxh5+ Kxh5 41.Kh2 f5 42.Rxf5+
Kg4 43.Rg5+ Kxh4 44.Rg7 Rxa4 45.Rf7 Ra2+ 46.Kg1 Kg5 47.Kf1 Kg6 48.Rc7 Kf6
49.Ke1 Ke6 50.Kd1 Kd6 51.Kc1 {#R} 0-1

[Event "Memorial Crespi (open)"]
[Site "masterchessopen.com Milan (Italy)"]
[Date "2007.12.07"]
[Round "4"]
[White "Barberi Alessandro (ITA)"]
[Black "Mazzini Antonio (ITA)"]
[Result "1/2-1/2"]
[WhiteElo "2157"]
[BlackElo "2106"]

1.d4 Nf6 2.Nf3 g6 3.g3 Bg7 4.Bg2 O-O 5.c4 d5 6.cxd5 Nxd5 7.e4 Nb4 8.a3 N4a6
9.Nc3 c6 10.Be3 Nd7 11.O-O Nf6 12.h3 Be6 13.Qc2 h6 14.b4 Nc7 15.Na4 b5 16.Nb2
Rc8 17.Ne5 Na6 18.Rac1 Nb8 19.Qd2 Nfd7 20.Nf3 Nf6 21.Ne5 Nfd7 22.Nxc6 Rxc6
23.Rxc6 Nxc6 24.d5 Nde5 25.f4 Nc4 26.Nxc4 bxc4 27.Qf2 Bd7 28.dxc6 Bxc6 29.Bxa7
Qd3 30.Qe3 Ra8 31.Qxd3 cxd3 32.Bc5 Bb2 33.e5 Bxg2 34.Kxg2 Rxa3 35.Bxe7 d2
36.Rd1 Bc3 37.Kf1 Rb3 38.Ke2 Bxb4 39.Bxb4 Rxb4 40.Rxd2 h5 41.Ke3 Kf8 42.Rd3
Ra4 43.g4 hxg4 44.hxg4 Ke7 45.Rb3 g5 46.f5 Rxg4 47.Rb7+ Ke8 48.f6 Rf4 49.Re7+
Kf8 50.Rd7 Ke8 51.Ra7 Rh4 {#d} 1/2-1/2

[Event "It (open)"]
[Site "masterchessopen.com Pavlodar (Kazakhstan)"]
[Date "2007.12.17"]
[Round "3"]
[White "Konovalov Oleg (RUS)"]
[Black "Lozhnikov V (KAZ)"]
[Result "0-1"]
[WhiteElo "2216"]
[BlackElo "2117"]

1.d4 Nf6 2.c4 g6 3.g3 d5 4.Nf3 Bg7 5.cxd5 Nxd5 6.Bg2 O-O 7.e4 Nb6 8.Nc3 Nc6
9.Be3 Nc4 10.Qe2 Nxe3 11.fxe3 Bg4 12.h3 Bd7 13.O-O e5 14.Rad1 exd4 15.exd4 Ne7
16.Qc4 h6 17.Kh2 c6 18.Ne5 Be6 19.d5 cxd5 20.exd5 Bf5 21.Nxf7 Rxf7 22.d6 Qc8
23.Qxc8+ Nxc8 24.Rxf5 Rxf5 25.d7 Nd6 26.Rxd6 Rd8 27.Rd2 Bxc3 28.bxc3 b6 29.Bb7
Kf7 {#R} 0-1

[Event "It (open)"]
[Site "masterchessopen.com Marseilles (France)"]
[Date "2007.12.29"]
[Round "6"]
[White "Teychene Jean-Louis (FRA)"]
[Black "Duquesnoy Jean-Philippe (FRA)"]
[Result "0-1"]
[WhiteElo "1996"]
[BlackElo "2259"]

1.Nf3 g6 2.d4 Nf6 3.g3 Bg7 4.Bg2 O-O 5.c4 d5 6.cxd5 Nxd5 7.e4 Nb6 8.O-O Nc6
9.d5 Na5 10.Nc3 c6 11.dxc6 Nxc6 12.Qe2 Bg4 13.Be3 Nd4 14.Bxd4 Bxf3 15.Bxf3
Qxd4 16.Rfd1 Qe5 17.Bg2 Rac8 18.Rac1 Rc4 19.Rd2 Qc5 20.Rcd1 Bxc3 21.bxc3 e5
22.Qf3 Rxc3 23.Qf6 Rc1 24.h4 Re8 25.h5 Rxd1+ 26.Rxd1 Qe7 27.Qf3 Qg5 28.hxg6
hxg6 29.Bh3 Rd8 30.Rb1 Qd2 31.Qf6 Qd6 32.Qg5 Kg7 33.Bg4 Qf6 34.Qe3 Rd4 35.Kg2
Nc4 36.Qe1 Qc6 37.Bf3 Nd2 38.Rc1 Qf6 39.Qe3 Qxf3+ 40.Qxf3 Nxf3 41.Kxf3 Ra4
42.Rc2 Kf6 43.Ke3 Ra3+ 44.Ke2 b6 45.f3 Kg5 46.Kf2 f6 47.Kg2 b5 48.Rb2 a6
49.Kf2 Kh5 50.Kg2 Ra4 51.Kh3 b4 52.Kg2 a5 53.Kh3 Ra3 54.Kg2 Kg5 55.Kf2 Rc3
56.Kg2 Rc4 57.Kf2 a4 58.Ke2 f5 59.exf5 gxf5 60.Kd3 Rc3+ 61.Ke2 b3 62.axb3 Rxb3
63.Ra2 a3 64.Ra1 e4 65.fxe4 fxe4 66.Kf2 Kg4 67.Re1 Rf3+ 68.Ke2 Rxg3 69.Ra1 a2
70.Kf2 Ra3 71.Ke2 Kf4 72.Rf1+ Ke5 73.Ra1 Kd4 74.Kd2 Kc4 75.Kc2 Kb4 76.Kb2 Rh3
77.Re1 Rh2+ 78.Ka1 Rh4 79.Kxa2 Kc3 80.Kb1 Kd2 81.Rg1 e3 82.Rg8 Rb4+ 83.Ka1 e2
84.Rd8+ Ke3 {#R} 0-1

[Event "Cup Muresul (open)"]
[Site "masterchessopen.com Tirgu Mures (Romania)"]
[Date "2008.02.02"]
[Round "1"]
[White "Codreanu Andrei"]
[Black "Vasiesiu Dan (ROM)"]
[Result "0-1"]
[WhiteElo "1834"]
[BlackElo "2405"]

1.d4 Nf6 2.Nf3 g6 3.g3 Bg7 4.Bg2 O-O 5.c4 d5 6.cxd5 Nxd5 7.e4 Nb6 8.Nc3 Bg4
9.d5 c6 10.h3 Bxf3 11.Bxf3 cxd5 12.Nxd5 Nc6 13.O-O e6 14.Nc3 Nd4 15.Bg2 Rc8
16.e5 Nc4 17.f4 Nf5 18.Ne4 Qb6+ 19.Rf2 Rfd8 20.Qb3 Qa5 21.Qc3 Qxc3 22.bxc3
Rd1+ 23.Rf1 Rd3 24.Rf3 Rd1+ 25.Rf1 Rcd8 26.Nd2 R1xd2 27.Bxd2 Rxd2 28.g4 Nfe3
29.Rf2 Rd7 30.Bf1 h6 31.Bxc4 Nxc4 32.Rb1 g5 33.Rb4 Rc7 34.f5 Bf8 {#R} 0-1

[Event "Tournament (open)"]
[Site "masterchessopen.com Rybinsk (Russia)"]
[Date "2008.06.17"]
[Round "5"]
[White "Sergienko Anton (RUS)"]
[Black "Vinogradov Alexander (RUS)"]
[Result "1/2-1/2"]
[WhiteElo "1920"]
[BlackElo "1954"]

1.d4 Nf6 2.c4 g6 3.g3 Bg7 4.Bg2 d5 5.cxd5 Nxd5 6.Nf3 O-O 7.e4 Nb6 8.O-O Nc6
9.d5 Ne5 10.Nxe5 Bxe5 11.Na3 Bg7 12.Qc2 a6 13.b3 e6 14.dxe6 Bxe6 15.Rd1 Qe7
16.Bb2 Rfd8 17.Rxd8+ Rxd8 18.Rd1 Rxd1+ 19.Qxd1 Qd7 20.Qxd7 {#d} 1/2-1/2

[Event "It \"]
[Site "masterchessopen.com Philadelphia (USA)"]
[Date "2008.07.05"]
[Round "7"]
[White "Almeida Miguel Angel (ESP)"]
[Black "Mikhalevski Victor (ISR)"]
[Result "0-1"]
[WhiteElo "2219"]
[BlackElo "2602"]

1.d4 Nf6 2.Nf3 g6 3.c4 Bg7 4.g3 d5 5.Bg2 O-O 6.cxd5 Nxd5 7.e4 Nb6 8.Nc3 Nc6
9.e5 Bg4 10.Be3 Qd7 11.h3 Bxf3 12.Bxf3 Rad8 13.Ne2 Bxe5 14.Bg4 Qd5 15.O-O Bxd4
16.Nxd4 Nxd4 17.Re1 Rfe8 18.Bxd4 Qxd4 19.Qc2 c6 20.a4 Qc4 21.Qb1 Rd2 22.Re4
Qc5 23.Be2 Nd5 24.b4 Qd6 25.Qb3 f5 {#R} 0-1

[Event "Ch Great Britain (Major Open)"]
[Site "masterchessopen.com Liverpool (England)"]
[Date "2008.08.02"]
[Round "6"]
[White "Peet James T (ENG)"]
[Black "Salimbeni George P W (ENG)"]
[Result "0-1"]
[WhiteElo "1862"]
[BlackElo "2103"]

1.d4 Nf6 2.c4 g6 3.Nf3 Bg7 4.g3 O-O 5.Bg2 d5 6.cxd5 Nxd5 7.e4 Nb6 8.O-O Nc6
9.e5 Bg4 10.Be3 Qd7 11.Nc3 Rad8 12.Ne2 Qc8 13.Qc2 f6 14.exf6 Bxf6 15.Bh6 Rfe8
16.Rac1 Nd5 17.a3 e6 18.Rfd1 Qd7 19.h3 Bxf3 20.Bxf3 Qf7 21.Qb3 Rb8 22.Nc3 Red8
23.Nxd5 exd5 24.Be3 Be7 25.Bf4 Bf6 26.Be5 Bg5 27.Rc5 Nxe5 28.dxe5 c6 29.Rc2
Qe6 30.h4 Bh6 31.Re2 Rd7 32.Bg2 Rbd8 33.Kh2 Re7 34.f4 Bg7 35.Qc3 Rc7 36.b4 b6
37.Red2 Qe7 38.Rc2 Qf7 39.Qb3 a6 40.Qa2 Bf8 41.Qb3 b5 42.Rdc1 Qe6 43.Bh3 Qe8
44.Qe3 Rb8 45.Bg2 Rcc8 46.Rxc6 Rxc6 47.Bxd5+ Re6 48.Qb3 Rb6 49.Bxe6+ Qxe6
50.Qxe6+ Rxe6 51.Kg2 a5 52.Rc8 axb4 53.axb4 Rb6 54.Kf3 Rb7 55.Ke4 Kg7 56.Kd5
Bxb4 57.Kc6 Re7 58.Rb8 Be1 59.Kd6 Ra7 60.e6 Bxg3 61.e7 Bxf4+ 62.Kc6 Rc7+
63.Kxb5 Rxe7 {#R} 0-1